000 00713nam a2200253Ia 4500
001 Para_6462
003 CHAP
008 220125s1999 xx 000 0 und d
010 _a205202
040 _cCHAP
090 _aPA FOLLETO 476
110 _aMéxico. Sanidad Vegetal
_9171187
245 _aPrecauciones en el manejo de plaguicidas para evitar esto /
_c por Sanidad vegetal
260 _aMéxico :
_b La Dirección
300 _a1 hoja desplegable
650 _aPesticidas
_x medidas de seguridad
_987564
901 _aPA FOLLETO 476
902 _aA
905 _a00000019-- 0000000000 00
910 _a19--
942 _cPARA
942 _cPARA
_d1
999 _c205202
_d205202